[Event "Feffernitz Raika op 07th"]
[Site "Feffernitz"]
[Date "1998.08.17"]
[Round "?"]
[White "Achleitner, Robert"]
[Black "Breuer, Christoph"]
[Result "1-0"]
[WhiteElo "2115"]
[BlackElo "1620"]
[PlyCount "61"]
[EventDate "1998.08.??"]
[EventType "swiss"]
[EventRounds "9"]
[EventCountry "AUT"]
[SourceTitle "EXT 2004"]
[Source "ChessBase"]
[SourceDate "2003.11.25"]
[SourceVersion "1"]
[SourceVersionDate "2003.11.25"]
[SourceQuality "1"]

1. d4 d5 2. f4 Nf6 3. Nf3 Bg4 4. e3 e6 5. Bd3 c5 6. c3 Nc6 7. 0-0 Bd6 8. Qe1 0-0 9. Ne5 Ne7 10. Nd2 Bf5 11. Bxf5 Nxf5 12. Rf3 Rc8 13. Rh3 cxd4 14. exd4 Re8 15. Qe2 g6 16. g4 Ng7 17. g5 Nfh5 18. Nf1 Nf5 19. Ng3 Nhg7 20. Ng4 Be7 21. Bd2 Rc6 22. Re1 a6 23. Qg2 Rf8 24. Nh6+ Nxh6 25. Rxh6 f5 26. gxf6 Bxf6 27. Qh3 Kf7 28. Rxh7 Qb6 29. f5 exf5 30. Nxf5 Qd8 31. Nh6# 1-0